Statistiques concernant Les meilleurs joueurs d'échecs de tous les temps par images

Cliquez ici pour prendre le quiz!

Statistiques générales

  • Ce quiz a été pris 50 fois
  • Le résultat moyen est 6 sur 13

Statistiques - réponses

Réponse% Correct
Magnus Carlsen
95%
Garry Kasparov
88%
Bobby Fischer
68%
Anatoly Karpov
65%
Viswanathan Anand
55%
Mikhail Tal
38%
Paul Morphy
38%
Vladimir Kramnik
35%
Alexander Alekhine
30%
Emanuel Lasker
30%
Jose Raul Capablanca
18%
Mikhail Botvinnik
18%
Tigran Petrosian
15%

Distribution des résultats

Percentile par nombre de réponses

% des personnes avec chaque résultat

Votre développement - résultats

Vous n’avez pas pris ce quiz